<?xml version="1.0" encoding="UTF-8"?>
<record
    xmlns:xsi="http://www.w3.org/2001/XMLSchema-instance"
    xsi:schemaLocation="http://www.loc.gov/MARC21/slim http://www.loc.gov/standards/marcxml/schema/MARC21slim.xsd"
    xmlns="http://www.loc.gov/MARC21/slim">

  <leader>00791nam a22001937a 4500</leader>
  <controlfield tag="008">121031t        xxu||||| |||| 00| 0 eng d</controlfield>
  <datafield tag="020" ind1=" " ind2=" ">
    <subfield code="a">9988838522</subfield>
  </datafield>
  <datafield tag="050" ind1=" " ind2=" ">
    <subfield code="a">HJ141.A4</subfield>
  </datafield>
  <datafield tag="100" ind1=" " ind2=" ">
    <subfield code="a">Ali-Nakyea, Abdallah.</subfield>
  </datafield>
  <datafield tag="245" ind1=" " ind2=" ">
    <subfield code="a">Public sector economics and finance. /</subfield>
    <subfield code="c">Abdallah Ali-Nakyea</subfield>
  </datafield>
  <datafield tag="250" ind1=" " ind2=" ">
    <subfield code="a">2nd ed.</subfield>
  </datafield>
  <datafield tag="260" ind1=" " ind2=" ">
    <subfield code="a">Accra:</subfield>
    <subfield code="b">Black Mask Limited,</subfield>
    <subfield code="c">2009.</subfield>
  </datafield>
  <datafield tag="300" ind1=" " ind2=" ">
    <subfield code="a">xii, 227 p.:</subfield>
    <subfield code="b">ill;</subfield>
    <subfield code="c">22cm.</subfield>
  </datafield>
  <datafield tag="505" ind1=" " ind2=" ">
    <subfield code="a">Contents: Instruments used in public finance: Introduction -- Market failure -- The Issue of failed governments -- Public choice theory -- Public expenditure analysis and growth -- Budgetary analysis -- Taxation -- Theory of income and consumption taxation -- Miscellaneous topics .</subfield>
  </datafield>
  <datafield tag="650" ind1=" " ind2=" ">
    <subfield code="a">Economics</subfield>
  </datafield>
  <datafield tag="650" ind1=" " ind2=" ">
    <subfield code="a">Finance</subfield>
  </datafield>
  <datafield tag="700" ind1=" " ind2=" ">
    <subfield code="a">Addo, Samuel</subfield>
  </datafield>
  <datafield tag="942" ind1=" " ind2=" ">
    <subfield code="2">lcc</subfield>
    <subfield code="c">BK</subfield>
  </datafield>
  <datafield tag="999" ind1=" " ind2=" ">
    <subfield code="c">2464</subfield>
    <subfield code="d">9964</subfield>
  </datafield>
  <datafield tag="952" ind1=" " ind2=" ">
    <subfield code="0">0</subfield>
    <subfield code="1">0</subfield>
    <subfield code="2">lcc</subfield>
    <subfield code="4">0</subfield>
    <subfield code="7">0</subfield>
    <subfield code="a">WIUC-1</subfield>
    <subfield code="b">WIUC-1</subfield>
    <subfield code="c">GEN</subfield>
    <subfield code="d">2012-10-31</subfield>
    <subfield code="l">0</subfield>
    <subfield code="o">HJ141.A4</subfield>
    <subfield code="p">6304/12</subfield>
    <subfield code="r">2012-10-31 00:00:00</subfield>
    <subfield code="t">1</subfield>
    <subfield code="w">2012-10-31</subfield>
    <subfield code="y">BK</subfield>
  </datafield>
  <datafield tag="952" ind1=" " ind2=" ">
    <subfield code="0">0</subfield>
    <subfield code="1">0</subfield>
    <subfield code="2">lcc</subfield>
    <subfield code="4">0</subfield>
    <subfield code="7">0</subfield>
    <subfield code="a">WIUC-1</subfield>
    <subfield code="b">WIUC-1</subfield>
    <subfield code="c">GEN</subfield>
    <subfield code="d">2012-10-31</subfield>
    <subfield code="l">0</subfield>
    <subfield code="o">HJ141.A41</subfield>
    <subfield code="p">6305/12</subfield>
    <subfield code="r">2012-10-31 00:00:00</subfield>
    <subfield code="t">2</subfield>
    <subfield code="w">2012-10-31</subfield>
    <subfield code="y">BK</subfield>
  </datafield>
  <datafield tag="952" ind1=" " ind2=" ">
    <subfield code="0">0</subfield>
    <subfield code="1">0</subfield>
    <subfield code="2">lcc</subfield>
    <subfield code="4">0</subfield>
    <subfield code="7">0</subfield>
    <subfield code="a">WIUC-1</subfield>
    <subfield code="b">WIUC-1</subfield>
    <subfield code="c">REF</subfield>
    <subfield code="d">2014-04-11</subfield>
    <subfield code="l">0</subfield>
    <subfield code="o">HJ141.A42</subfield>
    <subfield code="p">6677/12</subfield>
    <subfield code="r">2014-04-11 00:00:00</subfield>
    <subfield code="t">3</subfield>
    <subfield code="w">2014-04-11</subfield>
    <subfield code="y">BK</subfield>
  </datafield>
</record>
